Yakshagana mahabharatha prasangagalu (Record no. 93538)

MARC details
000 -LEADER
fixed length control field 00607nam a2200193Ia 4500
003 - CONTROL NUMBER IDENTIFIER
control field OSt
005 - DATE AND TIME OF LATEST TRANSACTION
control field 20250927113342.0
008 - FIXED-LENGTH DATA ELEMENTS--GENERAL INFORMATION
fixed length control field 210210b1990 xxu||||| |||| 00| 0 eng d
040 ## - CATALOGING SOURCE
Transcribing agency AL
041 ## - LANGUAGE CODE
Language code of text/sound track or separate title Kannada
082 ## - DEWEY DECIMAL CLASSIFICATION NUMBER
Classification number 398.2K ANAY
100 ## - MAIN ENTRY--PERSONAL NAME
Personal name ANANDARAMA UPADYA (c).
Dates associated with a name ಆನಂದರಾಮ ಉಪಾಧ್ಯ (ಸಿ)
9 (RLIN) 240809
245 ## - TITLE STATEMENT
Title Yakshagana mahabharatha prasangagalu
Remainder of title ಯಕ್ಷಗಾನ ಮಹಾಭಾರತ ಪ್ರಸಂಗಗಳು
260 ## - PUBLICATION, DISTRIBUTION, ETC.
Place of publication, distribution, etc. Bengaluru.
Name of publisher, distributor, etc. Krati Prakashana.,
Date of publication, distribution, etc. 1990
300 ## - PHYSICAL DESCRIPTION
Extent iv,353
690 ## - LOCAL SUBJECT ADDED ENTRY--TOPICAL TERM (OCLC, RLIN)
Topical term or geographic name as entry element Yakshagana
9 (RLIN) 240810
906 ## - LOCAL DATA ELEMENT F, LDF (RLIN)
a 043785
942 ## - ADDED ENTRY ELEMENTS (KOHA)
Source of classification or shelving scheme Dewey Decimal Classification
Koha item type Book
Holdings
Withdrawn status Lost status Damaged status Not for loan Collection code Home library Current library Shelving location Date acquired Cost, normal purchase price Total Checkouts Full call number Barcode Date last seen Price effective from Koha item type
          St Aloysius Library St Aloysius Library   02/17/2021 70.00   398.2K ANAY 043785 02/17/2021 02/17/2021 Book